00524nam a2200145Ia 4500003000900000008004100009020002600050040001600076100002200092245007600114260003200190300002000222490003300242856010300275IN-BaIIA211028s9999 xx s 000 0 eng d a9780819447548 (Print) cIIA Library aRyan, Thomas, ed. 0aThermal Treatment of Tissue: Energy Delivery and Assessment IIh[eBook] aWashington, USAbSPIEc2003 aOnline resource aProceedings of SPIE; V. 4954 uhttps://www.spiedigitallibrary.org/conference-proceedings-of-spie/4954yClick Here to Access eBook